| 000 | 01295nac a22003131u 4500 | ||
|---|---|---|---|
| 003 | EG-ScBUE | ||
| 005 | 20221213111742.0 | ||
| 008 | 110508t1992 enka f b 000 0 eng d | ||
| 020 | _a019728017X (v. 1) | ||
| 040 |
_aEG-ScBUE _beng _erda _cEG-ScBUE _dEG-ScBUE |
||
| 082 | 0 | 4 |
_a726.569442 _bBAY _222 |
| 245 | 0 | 0 |
_aBayt al-Maqdis : _bAbd al -Malik's Jerusalem. _npart one / _cedited by Julian Raby, Jeremy Johns. |
| 264 | 1 |
_aOxford : _bOxford University Press for the Board of Faculty of Oriental Studies, University of Oxford, _c[1992] |
|
| 264 | 4 | _cc1992 | |
| 300 |
_a162 pages : _billustrations ; _c25 cm |
||
| 504 | _aIncludes bibliographical references. | ||
| 546 | _aText in English and French. | ||
| 600 | 0 | 7 |
_aAbd al-Malik ibn Marwan, _d642-705. _2BUEsh _923656 |
| 610 | 2 | 7 |
_aQubbat al-Sakhrah (Mosque : Jerusalem) _2BUEsh _923657 |
| 610 | 2 | 7 |
_aMasjid al-Aqsaa (Jerusalem) _zJerusalem. _2BUEsh _923658 |
| 650 | 7 |
_aArchitecture, Islamic. _2BUEsh _923659 |
|
| 650 | 7 |
_aDecoration and ornament, Islamic _zJerusalem. _2BUEsh _923660 |
|
| 651 | 7 |
_aTemple Mount (Jerusalem) _xBuildings, structures, etc. _2BUEsh _923661 |
|
| 653 | _bART | ||
| 655 | _vReading book | ||
| 700 | 1 |
_aRaby, Julian, _eeditor. _923662 |
|
| 700 | 1 |
_aJohns, Jeremy, _d1954- _eeditor. _923663 |
|
| 942 |
_cBB _k726.2569442 BAY _2ddc |
||
| 999 |
_c6174 _d6174 |
||